000 00339nam a2200109Ia 4500
008 160531s9999 xx 000 0 und d
100 _aTsai, Wu-ting.
245 _aMathematical Formula Handbook
245 _cby Wu-ting Tsai
260 _c2012
856 _uhttp://homepage.ntu.edu.tw/~wttsai/MathModel/Mathematical%20Formula%20Handbook.pdf
999 _c295064
_d295064